000 01224nam a2200313 i 4500
003 IT-RoINE
005 20201028043123.0
008 970521s1990 sp ao r 00010 spa d
020 _a8486716055
040 _aUPNA
_cIT-RoINE
_dIT-RoINE
100 1 _915918
_aAróstegui, Julio,
_d1939-2013
245 1 0 _aFrancisco Largo Caballero en el exilio :
_bla última etapa de un lider obrero /
_cJulio Arostegui.
260 _aMadrid :
_bFundación Largo Caballero,
_c1990.
300 _a221 p :
_bil., fot. ;
_c22 cm.
336 _2rdacontent
_atext
337 _2rdamedia
_aunmediated
338 _2rdacarrier
_avolume
490 1 _aHistoria social y del movimiento obrero
500 _aIncluye apéndice documental.
600 1 4 _aLargo Caballero, Francisco,
_d1869-1946
_917061
_y1869-1946
650 4 _aSindicalismo
_zEspaña
_xHistoria
_ySiglo 20o.
_918785
650 4 _aRefugiados políticos
_zFrancia
_918786
650 4 _aExiliados
_zEspaña
_xHistoria
_918145
_ySiglo 20o.
650 4 _917121
_aSocialismo
_zEspaña
_xHistoria
651 4 _98092
_aEspaña
_xHistoria
_y1939-1975
710 2 _918787
_aFundación Largo Caballero (Madrid, España)
830 0 _aHistoria social y del movimiento obrero
_918788
942 _cMTS
999 _c9078
_d9078